000 00573nam a2200181Ia 4500
003 IN-BaIIA
008 211028s9999 xx 000 0 eng d
040 _cIIA Library
080 _a621.389.04
_bPHI
110 _aPhilips Gloeilanapenfabrieken
_96257
245 0 _aPhillps application book
_bpractical circuits with 1 series circuits blocks
_cPhilips Gloeilanapenfabrieken
260 _aNetherland
_bTechnical Publications Department
_c1968
300 _a60p.
650 _aCircuits
_91974
650 _aElectrical Circuits
_96258
650 _aNASA Thesaurus
942 _cBK
999 _c3535
_d3535